[Event "Belgrade Gligoric 100 Ann op"]
[Site "Belgrade"]
[Date "2023.02.05"]
[Round "1"]
[White "Bojkovic, Slobodan"]
[Black "Drazic, Sinisa"]
[Result "0-1"]
[WhiteElo "2110"]
[BlackElo "2370"]
[PlyCount "108"]
[EventDate "2023.02.05"]
[EventType "swiss (blitz)"]
[EventRounds "11"]
[EventCountry "SRB"]
[SourceTitle "EXT 2024"]
[Source "ChessBase"]
[SourceDate "2023.10.10"]
[SourceVersion "1"]
[SourceVersionDate "2023.10.10"]
[SourceQuality "1"]

1. e4 c5 2. Nf3 e6 3. d4 a6 4. c4 d6 5. Nc3 Nd7 6. Be2 Be7 7. 0-0 Qc7 8. Be3 b6 9. d5 e5 10. Rb1 Ngf6 11. h3 0-0 12. Nh4 Re8 13. Nf5 Bf8 14. Bd3 Kh8 15. f4 Ng8 16. Ng3 exf4 17. Rxf4 Ne5 18. Rh4 g6 19. Rf4 Bh6 20. Be2 Qe7 21. Bd2 Bd7 22. Rf2 Rf8 23. Bxh6 Nxh6 24. Qd2 Ng8 25. Rbf1 b5 26. cxb5 axb5 27. Nxb5 Rxa2 28. Nc3 Ra7 29. Rb1 Rb7 30. Nd1 Rb4 31. Ne3 Rfb8 32. Nc4 Nxc4 33. Bxc4 Be8 34. Qc3+ f6 35. b3 Qe5 36. Qd2 Rxc4 37. bxc4 Rxb1+ 38. Kh2 Rb3 39. Rf3 Rxf3 40. gxf3 Bd7 41. Kg2 f5 42. f4 Qd4 43. Qxd4+ cxd4 44. e5 dxe5 45. fxe5 Kg7 46. c5 d3 47. Kf3 f4 48. Nf1 Bxh3 49. Nd2 g5 50. d6 Bd7 51. Ne4 h6 52. Nc3 Kf7 53. Ke4 Ke6 54. Kxd3 Kxe5 0-1

[Event "Gligoric Cup 7th"]
[Site "Backa Palanka"]
[Date "2021.06.03"]
[Round "1.1"]
[White "Zajic, Milan"]
[Black "Bojkovic, Slobodan"]
[Result "1-0"]
[WhiteElo "2463"]
[BlackElo "2092"]
[PlyCount "75"]
[EventDate "2021.06.03"]
[EventType "team-tourn"]
[EventRounds "5"]
[EventCountry "SRB"]
[SourceTitle "CBM 203 Extra"]
[Source "ChessBase"]
[SourceDate "2021.09.30"]
[SourceVersion "1"]
[SourceVersionDate "2021.09.30"]
[SourceQuality "1"]
[WhiteTeam "Goracici Jelica"]
[BlackTeam "Srbobran"]
[WhiteTeamCountry "SRB"]
[BlackTeamCountry "SRB"]

1. e4 c5 2. Nf3 e6 3. d4 cxd4 4. Nxd4 a6 5. c4 Qc7 6. Nc3 Nf6 7. a3 b6 8. Be3 Bb7 9. f3 d6 10. Be2 Nbd7 11. 0-0 Be7 12. Rc1 Rc8 13. Qd2 Qb8 14. b4 Bd8 15. Kh1 h5 16. h4 0-0 17. Nb3 Ne5 18. Bf4 Nfd7 19. Bg3 Be7 20. Na4 Rfd8 21. Qe3 Bc6 22. Nb2 Bb7 23. Qf2 Ng6 24. Rfd1 e5 25. Na4 Ba8 26. Nc3 Bc6 27. Bf1 Bf8 28. Nd5 Ba4 29. Rc3 a5 30. Rdc1 axb4 31. axb4 Ne7 32. Nd2 Nc6 33. b5 Na5 34. Ra1 Nc5 35. Rca3 Nab3 36. Nxb3 Bxb3 37. Qb2 Rd7 38. Bf2 1-0

[Event "Vojvodina-chT"]
[Site "Novi Sad"]
[Date "2017.11.19"]
[Round "10.1"]
[White "Czebe, Attila"]
[Black "Bojkovic, Slobodan"]
[Result "1-0"]
[WhiteElo "2451"]
[BlackElo "2189"]
[PlyCount "102"]
[EventDate "2017.11.13"]
[EventType "team-tourn"]
[EventRounds "11"]
[EventCountry "SRB"]
[SourceTitle "CBM 181 Extra"]
[Source "ChessBase"]
[SourceDate "2017.12.12"]
[SourceVersion "1"]
[SourceVersionDate "2017.12.12"]
[SourceQuality "1"]
[WhiteTeam "Sombor"]
[BlackTeam "Srpska Crnja Buducnost"]
[WhiteTeamCountry "SRB"]
[BlackTeamCountry "SRB"]

1. e4 c5 2. Nf3 e6 3. d4 cxd4 4. Nxd4 a6 5. Be3 Qc7 6. f4 Nf6 7. Nd2 b6 8. g3 Bb7 9. Bg2 h5 10. Qe2 Ng4 11. 0-0-0 Nxe3 12. Qxe3 d6 13. N2f3 e5 14. Ne2 Nd7 15. Rhf1 Be7 16. Bh3 Nf6 17. Nc3 Ng4 18. Qe2 Bf6 19. Rd3 Qc5 20. Nd2 a5 21. Nb3 Qc6 22. Nd5 Ba6 23. Kb1 a4 24. Nc1 Rc8 25. a3 Kf8 26. Na2 Bxd3 27. cxd3 Qb5 28. Nab4 Rc5 29. Bxg4 hxg4 30. Rf2 exf4 31. gxf4 Bd4 32. Rf1 Qe8 33. Qg2 Qd8 34. Nc2 Rxd5 35. exd5 Bf6 36. Ne3 Rh3 37. Nxg4 Rxd3 38. Qc2 Rxd5 39. Nxf6 gxf6 40. Qh7 f5 41. Qh8+ Ke7 42. Re1+ Kd7 43. Qg7 Qc8 44. Qxf7+ Kc6 45. h4 Qa6 46. Qe8+ Kc5 47. Rc1+ Kd4 48. Rd1+ Kc5 49. Qe3+ Kc6 50. Qf3 Qb5 51. h5 Qb3 1-0

[Event "Vojvodina-chT"]
[Site "Novi Sad"]
[Date "2017.11.18"]
[Round "7.1"]
[White "Petakov, Uros"]
[Black "Bojkovic, Slobodan"]
[Result "1-0"]
[WhiteElo "2346"]
[BlackElo "2189"]
[PlyCount "51"]
[EventDate "2017.11.13"]
[EventType "team-tourn"]
[EventRounds "11"]
[EventCountry "SRB"]
[SourceTitle "CBM 181 Extra"]
[Source "ChessBase"]
[SourceDate "2017.12.12"]
[SourceVersion "1"]
[SourceVersionDate "2017.12.12"]
[SourceQuality "1"]
[WhiteTeam "Beska Hajduk"]
[BlackTeam "Srpska Crnja Buducnost"]
[WhiteTeamCountry "SRB"]
[BlackTeamCountry "SRB"]

1. d4 d5 2. Nf3 Nf6 3. Bf4 e6 4. e3 Bd6 5. Ne5 Qe7 6. Nd2 a6 7. Bd3 b6 8. 0-0 Bb7 9. Bg5 h6 10. Bh4 g5 11. Bg3 Bxe5 12. Bxe5 Nc6 13. Bg3 0-0-0 14. f4 Nd7 15. c4 gxf4 16. Bxf4 e5 17. dxe5 Ndxe5 18. Bf5+ Kb8 19. cxd5 Rxd5 20. Qe2 Rg8 21. Be4 Rxd2 22. Qxd2 Nc4 23. Qd3 Nb4 24. Qxc4 Bxe4 25. Bxc7+ Ka8 26. Bg3 1-0

[Event "Vojvodina-chT"]
[Site "Novi Sad"]
[Date "2017.11.13"]
[Round "1.1"]
[White "Popovic, Zoran M"]
[Black "Bojkovic, Slobodan"]
[Result "0-1"]
[WhiteElo "2211"]
[BlackElo "2189"]
[PlyCount "74"]
[EventDate "2017.11.13"]
[EventType "team-tourn"]
[EventRounds "11"]
[EventCountry "SRB"]
[SourceTitle "CBM 181 Extra"]
[Source "ChessBase"]
[SourceDate "2017.12.12"]
[SourceVersion "1"]
[SourceVersionDate "2017.12.12"]
[SourceQuality "1"]
[WhiteTeam "Gajdobra Hercegovac"]
[BlackTeam "Srpska Crnja Buducnost"]
[WhiteTeamCountry "SRB"]
[BlackTeamCountry "SRB"]

1. e4 c5 2. Nf3 e6 3. d4 cxd4 4. Nxd4 a6 5. Nc3 b5 6. a3 Bb7 7. Bd3 Qc7 8. 0-0 Nf6 9. Bg5 Be7 10. Qe2 d5 11. exd5 Nxd5 12. Nxd5 Bxd5 13. Bxe7 Qxe7 14. Rfe1 Qf6 15. Bxb5+ Kf8 16. Rad1 axb5 17. Nxb5 g6 18. Nc7 Ra5 19. b4 Rxa3 20. Qb5 Kg7 21. Ne8+ Rxe8 22. Qxe8 Nc6 23. c4 Bxg2 24. Kxg2 Qf3+ 25. Kg1 Ra2 26. Rf1 Ne5 27. Qd8 Qf4 28. Rd3 Qxc4 29. Re3 Qf4 30. Qd1 Ng4 31. Rg3 Rxf2 32. Qe1 Rxf1+ 33. Qxf1 Qxb4 34. Qe2 Qd4+ 35. Kg2 h5 36. h3 Nf6 37. Re3 Nd5 0-1

[Event "Nis op"]
[Site "Nis"]
[Date "2016.07.04"]
[Round "7"]
[White "Bojkovic, Slobodan"]
[Black "Ilic, Slobodan R"]
[Result "1-0"]
[WhiteElo "2233"]
[BlackElo "2042"]
[PlyCount "50"]
[EventDate "2016.06.28"]
[EventType "swiss"]
[EventRounds "9"]
[EventCountry "YUG"]
[SourceTitle "CBM 173 Extra"]
[Source "ChessBase"]
[SourceDate "2016.08.29"]
[SourceVersion "1"]
[SourceVersionDate "2016.08.29"]
[SourceQuality "1"]

1. e4 b6 2. d4 Bb7 3. Nc3 e6 4. a3 Ne7 5. Nf3 f5 6. Bd3 g6 7. Bg5 h6 8. Bf6 Rg8 9. exf5 exf5 10. Bxf5 Kf7 11. Bh4 Qe8 12. Bd3 Bg7 13. 0-0 g5 14. Bg3 Rf8 15. Re1 Kg8 16. Ne5 Qd8 17. Qh5 d6 18. Ng4 Nd7 19. Nxh6+ Bxh6 20. Qxh6 Rf7 21. Bc4 d5 22. Bd3 Rg7 23. Nb5 Rc8 24. Nxa7 Ra8 25. Nb5 Rc8 1-0

[Event "Nis op"]
[Site "Nis"]
[Date "2016.07.03"]
[Round "6"]
[White "Aponte Castillo, Jose Ernesto"]
[Black "Bojkovic, Slobodan"]
[Result "1/2-1/2"]
[WhiteElo "2139"]
[BlackElo "2233"]
[PlyCount "201"]
[EventDate "2016.06.28"]
[EventType "swiss"]
[EventRounds "9"]
[EventCountry "YUG"]
[SourceTitle "CBM 173 Extra"]
[Source "ChessBase"]
[SourceDate "2016.08.29"]
[SourceVersion "1"]
[SourceVersionDate "2016.08.29"]
[SourceQuality "1"]

1. e4 c5 2. Nf3 e6 3. d3 Nc6 4. g3 g6 5. Bg2 Bg7 6. 0-0 Nge7 7. Qe2 d6 8. h4 h6 9. c3 e5 10. Na3 Bg4 11. Nc4 Qd7 12. a4 0-0 13. Re1 f5 14. exf5 Bxf5 15. Nh2 d5 16. Ne3 Be6 17. c4 Nd4 18. Qd1 Kh7 19. Neg4 Qd6 20. f4 exf4 21. Bxf4 Rxf4 22. gxf4 Qxf4 23. cxd5 Bxg4 24. Qxg4 Qxg4 25. Nxg4 Nef5 26. Rac1 b6 27. h5 gxh5 28. Ne5 Ng3 29. Kh2 Nge2 30. Be4+ Kh8 31. Nc4 Nxc1 32. Rxc1 Rf8 33. Kg2 h4 34. d6 Bf6 35. Re1 Rd8 36. Kh3 Kg7 37. Rg1+ Bg5 38. Kg4 a6 39. Nxb6 Rxd6 40. Nd5 Rd8 41. Rf1 Rd6 42. Nc7 Rd8 43. Nxa6 Ne6 44. Rf5 c4 45. Nc5 Nxc5 46. Rxc5 cxd3 47. Rd5 Rb8 48. Rxd3 Rb4 49. Kf5 Rxa4 50. Rd7+ Kf8 51. Rd3 Ke7 52. Rc3 Rb4 53. b3 Rb5+ 54. Kg4 h5+ 55. Kh3 Bf6 56. Rd3 Ke6 57. Bf3 Rg5 58. Bg2 Rg4 59. Bb7 Rg7 60. Bg2 Be7 61. Ba8 Rg1 62. Bg2 Bf6 63. Re3+ Kf7 64. Bd5+ Kg7 65. Bg2 Rb1 66. Rd3 Rb2 67. Rd7+ Kg6 68. Rd3 Be5 69. Rf3 Kg5 70. Re3 Bg3 71. Rf3 Rb1 72. Rd3 Kf4 73. Rf3+ Ke5 74. Rd3 Rb2 75. Rf3 Kd4 76. b4 Bd6 77. b5 Be7 78. Rf5 Rb3+ 79. Rf3 Rxb5 80. Rf4+ Ke5 81. Re4+ Kd6 82. Re3 Bf6 83. Rd3+ Ke6 84. Re3+ Kf7 85. Rd3 Rb2 86. Rf3 Ke6 87. Re3+ Kf5 88. Rf3+ Ke5 89. Re3+ Kd4 90. Rf3 Be5 91. Rf5 Bg3 92. Rf3 Be1 93. Ra3 Rf2 94. Rf3 Ra2 95. Rf4+ Kd3 96. Rf5 Kd4 97. Rf3 Bg3 98. Rb3 Bf4 99. Rf3 Be3 100. Rf5 Bf2 101. Rf3 1/2-1/2

[Event "Nis op"]
[Site "Nis"]
[Date "2016.07.02"]
[Round "5"]
[White "Bojkovic, Slobodan"]
[Black "Tosic, Miroslav"]
[Result "0-1"]
[WhiteElo "2233"]
[BlackElo "2411"]
[PlyCount "78"]
[EventDate "2016.06.28"]
[EventType "swiss"]
[EventRounds "9"]
[EventCountry "YUG"]
[SourceTitle "CBM 173 Extra"]
[Source "ChessBase"]
[SourceDate "2016.08.29"]
[SourceVersion "1"]
[SourceVersionDate "2016.08.29"]
[SourceQuality "1"]

1. e4 c5 2. Nf3 e6 3. d4 cxd4 4. Nxd4 a6 5. c4 Nf6 6. Nc3 Qc7 7. Be2 b6 8. Be3 Bb7 9. f3 d6 10. 0-0 Nbd7 11. Rc1 Be7 12. Qe1 0-0 13. g4 h6 14. h4 Nh7 15. Kg2 Qd8 16. Rh1 Re8 17. Qg3 Ndf8 18. Rh3 Rc8 19. Rd1 Ng6 20. g5 hxg5 21. hxg5 Bxg5 22. f4 Bxf4 23. Bxf4 e5 24. Be3 exd4 25. Rxd4 Re5 26. Kf1 Qf6+ 27. Ke1 Rce8 28. Bd3 Ng5 29. Bxg5 Rxg5 30. Qxd6 Rg1+ 31. Kd2 Qg5+ 32. Re3 Ne5 33. Be2 Rg3 34. Nd1 Bxe4 35. Qxb6 Nc6 36. Rd6 Rb8 37. Qc7 Rxb2+ 38. Ke1 Rg1+ 39. Kf2 Qg2# 0-1

[Event "Nis op"]
[Site "Nis"]
[Date "2016.07.01"]
[Round "4"]
[White "Petrov, Martin"]
[Black "Bojkovic, Slobodan"]
[Result "1-0"]
[WhiteElo "2449"]
[BlackElo "2233"]
[PlyCount "93"]
[EventDate "2016.06.28"]
[EventType "swiss"]
[EventRounds "9"]
[EventCountry "YUG"]
[SourceTitle "CBM 173 Extra"]
[Source "ChessBase"]
[SourceDate "2016.08.29"]
[SourceVersion "1"]
[SourceVersionDate "2016.08.29"]
[SourceQuality "1"]

1. e4 c5 2. Nf3 e6 3. d4 cxd4 4. Nxd4 a6 5. Nc3 Qc7 6. Be2 b5 7. 0-0 b4 8. Na4 Bb7 9. c3 Nf6 10. cxb4 Bxb4 11. Be3 Nc6 12. Rc1 Bd6 13. g3 Nxe4 14. Bf3 Nf6 15. Nxc6 Bxc6 16. Nb6 Rb8 17. Nxd7 Bxd7 18. Rxc7 Bxc7 19. Bc5 Rxb2 20. a3 Rb5 21. Qc1 Bd8 22. Be2 Ra5 23. Bb4 Ra4 24. Rd1 Nd5 25. Rxd5 exd5 26. Qe3+ Be6 27. Qc5 Rxb4 28. axb4 f5 29. Bxa6 Kf7 30. Bc8 Be7 31. Bxe6+ Kxe6 32. Qc6+ Bd6 33. b5 g5 34. b6 f4 35. b7 Rb8 36. gxf4 gxf4 37. Kg2 Ke5 38. Kf3 h5 39. Qd7 Bf8 40. Qf7 Bd6 41. Qxh5+ Kd4 42. Qf7 Kc5 43. Qd7 d4 44. Ke4 f3 45. h4 Bh2 46. h5 d3 47. h6 1-0

[Event "Nis op"]
[Site "Nis"]
[Date "2016.06.29"]
[Round "2"]
[White "Baroudas, Ioannis"]
[Black "Bojkovic, Slobodan"]
[Result "0-1"]
[WhiteElo "1917"]
[BlackElo "2233"]
[PlyCount "106"]
[EventDate "2016.06.28"]
[EventType "swiss"]
[EventRounds "9"]
[EventCountry "YUG"]
[SourceTitle "CBM 173 Extra"]
[Source "ChessBase"]
[SourceDate "2016.08.29"]
[SourceVersion "1"]
[SourceVersionDate "2016.08.29"]
[SourceQuality "1"]

1. d4 Nf6 2. c4 c6 3. Nf3 g6 4. Nc3 d5 5. e3 Bg7 6. Be2 0-0 7. 0-0 a6 8. cxd5 cxd5 9. Qb3 Nc6 10. Bd2 e6 11. Rfc1 Qd6 12. Na4 Nd7 13. Nc5 Rb8 14. Nxd7 Bxd7 15. Rd1 b5 16. Rac1 Rfc8 17. Rc5 Bf8 18. Rdc1 Qc7 19. R5c2 Qb6 20. Ne5 Nxe5 21. dxe5 Rxc2 22. Rxc2 b4 23. Rc1 Qa7 24. Qc2 Rb7 25. Kf1 a5 26. Qd3 a4 27. Qd4 Qb8 28. f4 Be7 29. Kf2 Bd8 30. b3 Bb6 31. Qb2 Qa7 32. Qc2 Rc7 33. Qd1 Rxc1 34. Qxc1 Bc5 35. Qe1 Qb6 36. Qd1 d4 37. Qc1 axb3 38. axb3 Bc6 39. Bf3 Bxf3 40. Kxf3 Qb7+ 41. Kf2 Qd5 42. Qc2 d3 43. Qc1 Kg7 44. h3 h5 45. Qd1 Be7 46. g4 hxg4 47. hxg4 Bh4+ 48. Kg1 g5 49. Qf1 Qxb3 50. fxg5 Bxg5 51. e4 Be7 52. g5 Qc4 53. Qh3 Qxe4 0-1

[Event "Novi Sad Hotel Sajam op"]
[Site "Novi Sad"]
[Date "2015.10.31"]
[Round "8"]
[White "Mitali, Madhukar Patil"]
[Black "Bojkovic, Slobodan"]
[Result "0-1"]
[WhiteElo "1834"]
[BlackElo "2191"]
[PlyCount "136"]
[EventDate "2015.10.26"]
[EventType "swiss"]
[EventRounds "9"]
[EventCountry "SRB"]
[SourceTitle "CBM 169 Extra"]
[Source "ChessBase"]
[SourceDate "2015.12.18"]
[SourceVersion "1"]
[SourceVersionDate "2015.12.18"]
[SourceQuality "1"]

1. e4 c5 2. c3 Nf6 3. e5 Nd5 4. Nf3 e6 5. d4 cxd4 6. cxd4 b6 7. Bc4 Bb7 8. 0-0 Na6 9. Bxd5 Bxd5 10. Nc3 Nc7 11. Ng5 f6 12. Nge4 Bxe4 13. Nxe4 d5 14. exd6 Bxd6 15. Qh5+ g6 16. Qh6 Bf8 17. Qh4 Bg7 18. Rd1 0-0 19. Rd3 g5 20. Qg3 h6 21. h4 Nd5 22. Bd2 f5 23. hxg5 fxe4 24. gxh6 Rf7 25. Rb3 Qf6 26. hxg7 Rxg7 27. Qe5 Qxe5 28. dxe5 Kf7 29. Ra3 a5 30. Re1 Rgg8 31. g3 Rg4 32. Be3 Kg6 33. Rb3 Rb8 34. Rb5 Kf5 35. Kg2 Rb7 36. Bd4 Rh7 37. a4 Rg8 38. Be3 Rgh8 39. Bxb6 Rh2+ 40. Kf1 Nb4 41. Ke2 Nd3 42. Rd1 Rc8 43. Rxd3 exd3+ 44. Kxd3 Rh1 45. Bxa5 Rd1+ 46. Ke2 Rd4 47. b3 Rc2+ 48. Kf3 Rd3+ 49. Kg2 Rb2 50. b4 Kg4 51. Rc5 Rxg3+ 52. Kf1 Rf3 53. Rc4+ Kf5 54. Bb6 Ra3 55. a5 Ra1+ 56. Kg2 Ra4 57. Bc5 Kxe5 58. Rh4 Rb3 59. Rh5+ Kf6 60. Rh8 e5 61. Rb8 e4 62. Rb6+ Ke5 63. a6 Ra2 64. Kg1 Ra1+ 65. Kg2 Rbb1 66. b5 Rg1+ 67. Kh2 Rh1+ 68. Kg2 Rag1# 0-1

[Event "Novi Sad Hotel Sajam op"]
[Site "Novi Sad"]
[Date "2015.10.29"]
[Round "5"]
[White "Bojkovic, Slobodan"]
[Black "Konstantinov, Aleksandar1111"]
[Result "1-0"]
[WhiteElo "2191"]
[BlackElo "2055"]
[PlyCount "49"]
[EventDate "2015.10.26"]
[EventType "swiss"]
[EventRounds "9"]
[EventCountry "SRB"]
[SourceTitle "CBM 169 Extra"]
[Source "ChessBase"]
[SourceDate "2015.12.18"]
[SourceVersion "1"]
[SourceVersionDate "2015.12.18"]
[SourceQuality "1"]

1. d4 Nf6 2. Nc3 d5 3. Bg5 e6 4. e4 Be7 5. Bxf6 Bxf6 6. Nf3 0-0 7. e5 Be7 8. Bd3 c5 9. dxc5 Nc6 10. Qd2 Bxc5 11. Ng5 g6 12. f4 f6 13. Nf3 fxe5 14. fxe5 Nd4 15. 0-0-0 Nxf3 16. gxf3 Rxf3 17. Qg2 Qf8 18. Rdf1 Qf4+ 19. Kb1 Rf2 20. Nxd5 Qh4 21. Rxf2 Qxf2 22. Nf6+ Kg7 23. Qh3 h6 24. Qg4 g5 25. Qh5 1-0

[Event "Novi Sad Hotel Sajam op"]
[Site "Novi Sad"]
[Date "2015.10.26"]
[Round "1"]
[White "Bojkovic, Slobodan"]
[Black "Nomin Erdene, Davaademberel"]
[Result "1/2-1/2"]
[WhiteElo "2191"]
[BlackElo "2424"]
[PlyCount "61"]
[EventDate "2015.10.26"]
[EventType "swiss"]
[EventRounds "9"]
[EventCountry "SRB"]
[SourceTitle "CBM 169 Extra"]
[Source "ChessBase"]
[SourceDate "2015.12.18"]
[SourceVersion "1"]
[SourceVersionDate "2015.12.18"]
[SourceQuality "1"]

1. e4 c6 2. d4 d5 3. Nd2 dxe4 4. Nxe4 Bf5 5. Ng3 Bg6 6. h4 h6 7. Nh3 Nd7 8. Nf4 Bh7 9. Bd3 Bxd3 10. Nxd3 Ngf6 11. Qe2 e6 12. Bd2 Be7 13. 0-0-0 Qb6 14. Be3 Nd5 15. Nh5 g6 16. Nhf4 Nxe3 17. Qxe3 0-0-0 18. g3 Kb8 19. Rhe1 g5 20. hxg5 Bxg5 21. Kb1 Nf6 22. Ne5 Nd5 23. Nxd5 Rxd5 24. Qf3 Rhd8 25. Qxf7 Rxd4 26. Rxd4 Qxd4 27. Nd3 Bd2 28. Re2 Qd5 29. a3 Qh1+ 30. Ka2 Rxd3 31. cxd3 1/2-1/2

[Event "SRB-chT2 East"]
[Site "Vrnjacka Banja"]
[Date "2015.10.09"]
[Round "7.63"]
[White "Bojkovic, Slobodan"]
[Black "Tosic, Nebojsa"]
[Result "1-0"]
[WhiteElo "2213"]
[BlackElo "2137"]
[PlyCount "97"]
[EventDate "2015.08.28"]
[EventType "team-tourn"]
[EventRounds "11"]
[EventCountry "SRB"]
[SourceTitle "EXT 2022"]
[Source "ChessBase"]
[SourceDate "2021.10.06"]
[SourceVersion "1"]
[SourceVersionDate "2021.10.06"]
[SourceQuality "1"]

1. e4 c6 2. d4 d5 3. Nc3 dxe4 4. Nxe4 Nd7 5. Nf3 Ngf6 6. Ng3 Qc7 7. Bc4 e6 8. Qe2 Nb6 9. Bd3 c5 10. c3 cxd4 11. Nxd4 a6 12. f4 Be7 13. 0-0 0-0 14. Nf3 Na4 15. Ne5 g6 16. Bc2 b5 17. c4 Nb6 18. b3 Bb7 19. Bd3 bxc4 20. bxc4 Rfd8 21. Rb1 Bf8 22. Bb2 Bg7 23. Ba1 Rab8 24. Kh1 Na4 25. Rbc1 Nc5 26. Bb1 Ba8 27. h3 h5 28. Nf3 Rbc8 29. Be5 Qc6 30. Rfe1 Rd7 31. Qb2 Rb7 32. Qa1 Ncd7 33. Ne4 Nxe5 34. Nxf6+ Bxf6 35. fxe5 Be7 36. Be4 Qc7 37. Bxb7 Qxb7 38. Qd4 Bc5 39. Qd3 Qb2 40. Rc2 Qb4 41. Rd1 Bc6 42. Rcd2 Rb8 43. Ng5 Re8 44. Qf1 Rf8 45. Rd8 Qb7 46. Rxf8+ Bxf8 47. Rd8 Qe7 48. Qf6 Qb7 49. Nxe6 1-0

[Event "Nis Pantelej op 3rd"]
[Site "Nis"]
[Date "2015.08.06"]
[Round "5"]
[White "Vasic, Blagoje"]
[Black "Bojkovic, Slobodan"]
[Result "1-0"]
[WhiteElo "1988"]
[BlackElo "2213"]
[PlyCount "117"]
[EventDate "2015.08.04"]
[EventType "swiss"]
[EventRounds "9"]
[EventCountry "SRB"]
[SourceTitle "EXT 2016"]
[Source "ChessBase"]
[SourceDate "2015.10.08"]
[SourceVersion "1"]
[SourceVersionDate "2015.10.08"]
[SourceQuality "1"]

1. d4 d5 2. c4 c6 3. Nc3 Nf6 4. Nf3 g6 5. e3 Bg7 6. Bd3 0-0 7. 0-0 a6 8. cxd5 Nxd5 9. a3 e6 10. Bd2 c5 11. Rc1 cxd4 12. Nxd4 e5 13. Nxd5 Qxd5 14. Bc4 Qd8 15. Nf3 Nc6 16. Bc3 Qe7 17. Qb3 Rd8 18. Bd5 Bd7 19. Qb6 Be8 20. Rfd1 Rab8 21. e4 Rd6 22. Rd3 Nd4 23. Bxd4 Rxb6 24. Bxb6 Bc6 25. b4 Rc8 26. g3 h6 27. h4 Qf6 28. Kg2 Kh7 29. Bc5 Bxd5 30. Rxd5 Qe6 31. Rcd1 Qg4 32. Re1 Qe6 33. a4 Rc6 34. a5 Rc8 35. Red1 Re8 36. Re1 f5 37. Rd6 Qf7 38. h5 g5 39. Rg6 fxe4 40. Rxe4 Qd5 41. Re2 e4 42. Ng1 Bf8 43. Be3 Bxb4 44. Rb6 Bxa5 45. Rbb2 Bc3 46. Ra2 a5 47. Rec2 b5 48. Ne2 Bb4 49. Nd4 Re7 50. Nc6 Rf7 51. Nd4 Qd7 52. Rab2 Qg4 53. Rc6 Qxh5 54. Rb1 Qg4 55. Rh1 Bf8 56. Rhc1 Bg7 57. Nxb5 Qf3+ 58. Kg1 Rd7 59. Re1 1-0

[Event "Nis op-A"]
[Site "Nis"]
[Date "2015.04.25"]
[Round "8"]
[White "Djordjevic, Vuk D"]
[Black "Bojkovic, Slobodan"]
[Result "0-1"]
[WhiteElo "2177"]
[BlackElo "2217"]
[PlyCount "97"]
[EventDate "2015.04.20"]
[EventType "swiss"]
[EventRounds "9"]
[EventCountry "SRB"]
[SourceTitle "CBM 166 Extra"]
[Source "ChessBase"]
[SourceDate "2015.06.18"]
[SourceVersion "1"]
[SourceVersionDate "2015.06.18"]
[SourceQuality "1"]

1. e4 c5 2. Nc3 Nc6 3. g3 g6 4. Bg2 Bg7 5. Nge2 e6 6. 0-0 Nge7 7. d3 0-0 8. Bg5 h6 9. Be3 Nd4 10. Rb1 Rb8 11. b4 cxb4 12. Bxd4 Bxd4 13. Nxd4 bxc3 14. Qc1 Kh7 15. Qa3 a6 16. Qxc3 d6 17. f4 b5 18. Ne2 a5 19. g4 f5 20. gxf5 gxf5 21. Ng3 b4 22. Qd2 Bd7 23. Rbe1 Ng6 24. Re3 Qb6 25. d4 Bc6 26. exf5 exf5 27. d5 Bb5 28. Rfe1 Rb7 29. Qf2 Qd8 30. Re6 Qh4 31. Rxd6 Nxf4 32. Rb6 Rxb6 33. Qxb6 Nxg2 34. Kxg2 Bc4 35. Qe6 f4 36. Re4 f3+ 37. Kh1 Qg5 38. Re3 f2 39. Qe4+ Kh8 40. Qd4+ Kg8 41. Qxc4 Qxe3 42. d6+ Kh8 43. Kg2 f1Q+ 44. Nxf1 Qf2+ 45. Kh3 Qxf1+ 46. Qxf1 Rxf1 47. d7 Rd1 48. d8B Rxd8 49. Kg4 0-1

[Event "Nis op-A"]
[Site "Nis"]
[Date "2015.04.20"]
[Round "1"]
[White "Maksimovic, Branimir"]
[Black "Bojkovic, Slobodan"]
[Result "0-1"]
[WhiteElo "2339"]
[BlackElo "2217"]
[PlyCount "120"]
[EventDate "2015.04.20"]
[EventType "swiss"]
[EventRounds "9"]
[EventCountry "SRB"]
[SourceTitle "CBM 166 Extra"]
[Source "ChessBase"]
[SourceDate "2015.06.18"]
[SourceVersion "1"]
[SourceVersionDate "2015.06.18"]
[SourceQuality "1"]

1. c4 c5 2. Nf3 Nf6 3. Nc3 e6 4. g3 Be7 5. Bg2 0-0 6. 0-0 a6 7. d4 cxd4 8. Nxd4 Qc7 9. e4 d6 10. Be3 Bd7 11. Rc1 Nc6 12. h3 Na5 13. Qe2 Rac8 14. Rfd1 Qb8 15. b3 Rfe8 16. f4 Bf8 17. Nf3 Nc6 18. Bb6 Nh5 19. Kh2 f5 20. Ng5 Nf6 21. exf5 exf5 22. Qb2 h6 23. Nf3 Ne4 24. Nd4 Nxd4 25. Bxd4 b5 26. Nxe4 fxe4 27. c5 dxc5 28. Bxc5 Qb7 29. Be3 b4 30. Qd4 Rxc1 31. Rxc1 Bb5 32. h4 Qf7 33. Bxe4 Qe7 34. Bd5+ Kh8 35. Bf2 Rd8 36. Qe4 Qd7 37. Be6 Qd2 38. Rc2 Qd1 39. Rc8 Rxc8 40. Bxc8 Qd2 41. Qe3 Qxa2 42. Bb7 Qe2 43. Qd4 a5 44. f5 Be7 45. Bd5 Bf6 46. Qa7 h5 47. Bg2 Bd3 48. Qc5 Kh7 49. Kg1 Qd1+ 50. Kh2 Qxb3 51. Qxa5 Qc2 52. Kg1 b3 53. Bd5 b2 54. Ba2 b1Q+ 55. Bxb1 Qxb1+ 56. Be1 Qc2 57. Qd2 Qxd2 58. Bxd2 Bxf5 59. Bf4 Kg6 60. Kf2 Be4 0-1

[Event "SRB-chT Central"]
[Site "Kraljevo"]
[Date "2014.09.17"]
[Round "6.5"]
[White "Bojkovic, Slobodan"]
[Black "Mitrovic, Darko R"]
[Result "0-1"]
[WhiteElo "2216"]
[BlackElo "2263"]
[PlyCount "112"]
[EventDate "2014.09.13"]
[EventType "team-tourn"]
[EventRounds "11"]
[EventCountry "SRB"]
[SourceTitle "CBM 162 Extra"]
[Source "ChessBase"]
[SourceDate "2014.10.17"]
[SourceVersion "1"]
[SourceVersionDate "2014.10.17"]
[SourceQuality "1"]
[WhiteTeam "Nis"]
[BlackTeam "Donja Studena"]
[WhiteTeamCountry "SRB"]
[BlackTeamCountry "SRB"]

1. e4 e6 2. d4 d5 3. Nc3 Bb4 4. e5 c5 5. Bd2 Ne7 6. a3 Bxc3 7. Bxc3 Nbc6 8. Nf3 cxd4 9. Nxd4 Nxe5 10. Nxe6 Bxe6 11. Bxe5 0-0 12. Bd3 Nc6 13. Bg3 Qf6 14. Rb1 Rfe8 15. 0-0 Bf5 16. Bxf5 Qxf5 17. Qd2 Re6 18. Rfe1 Rae8 19. f3 h6 20. Rbd1 Rxe1+ 21. Rxe1 Rxe1+ 22. Bxe1 Qe5 23. c3 Na5 24. Bf2 Nc4 25. Qc2 b5 26. g3 a5 27. Kf1 a4 28. Bc5 Qe3 29. Qf2 Qc1+ 30. Qe1 Nd2+ 31. Ke2 Qxe1+ 32. Kxe1 Nxf3+ 33. Ke2 Ng5 34. Kd3 Ne6 35. Bb6 Kf8 36. Kc2 Ke7 37. b3 axb3+ 38. Kxb3 Kd6 39. Kc2 Kc6 40. Bf2 Kd6 41. Ba7 h5 42. h4 Nd8 43. Be3 Nc6 44. Kb3 Ke5 45. Bf4+ Ke4 46. a4 bxa4+ 47. Kxa4 Nd8 48. Kb5 Ne6 49. Bb8 d4 50. cxd4 Nxd4+ 51. Kc5 Nf5 52. Kc6 Kf3 53. Kd7 Nxg3 54. Ke7 f5 55. Kf7 Kg4 56. Kxg7 f4 0-1

[Event "Nis Pantelej op 2nd"]
[Site "Nis"]
[Date "2014.08.05"]
[Round "4"]
[White "Bogdanovic, Dragan"]
[Black "Bojkovic, Slobodan"]
[Result "0-1"]
[WhiteElo "1981"]
[BlackElo "2227"]
[PlyCount "60"]
[EventDate "2014.08.03"]
[EventType "swiss"]
[EventRounds "9"]
[EventCountry "SRB"]
[SourceTitle "CBM 162 Extra"]
[Source "ChessBase"]
[SourceDate "2014.10.17"]
[SourceVersion "1"]
[SourceVersionDate "2014.10.17"]
[SourceQuality "1"]

1. d4 Nf6 2. c4 c6 3. Nf3 g6 4. Nc3 Bg7 5. e4 d6 6. Be2 0-0 7. 0-0 Nbd7 8. h3 e5 9. Be3 Qe7 10. Qc2 Nh5 11. Rad1 Re8 12. d5 c5 13. Nb5 Nf8 14. Bxc5 dxc5 15. d6 Qd8 16. Nc7 Bd7 17. Nxa8 Qxa8 18. Nd2 Nf4 19. Nb1 N4e6 20. Nc3 Nd4 21. Qd2 Qb8 22. f4 Qxd6 23. f5 gxf5 24. exf5 Bc6 25. Qe3 e4 26. Qf2 Bf6 27. b3 Nd7 28. g4 Kh8 29. Nd5 Bxd5 30. cxd5 e3 0-1